| 000 | 00698nam a22002172 4500 | ||
|---|---|---|---|
| 001 | 0000003178 | ||
| 005 | 20151217151917.0 | ||
| 008 | 070430s xx 000 0 eng d | ||
| 020 |
_a0802463827 : _cKES 1,990 |
||
| 040 |
_aKABU _cKABU |
||
| 050 | 0 |
_aHQ10.5 _b.U6W75 1992 |
|
| 100 | 1 |
_aWright, H. Norman. _@0000152879 |
|
| 245 | 1 | 4 |
_aThe Premarital counseling handbook / _cH. Norman Wright. |
| 260 |
_aChicago : _bMoody Press, _cc1992. |
||
| 300 |
_a271 p. ; _c24 cm. |
||
| 650 | 0 |
_aMarriage counseling _zUnited States. _@0000152880 |
|
| 908 | _a070430 | ||
| 950 | _@1 | ||
| 999 |
_c6266 _d6266 |
||